|
|
|
|
| LEADER |
00000nam0a2200000 4500 |
| 001 |
309635 |
| 005 |
20231102002217.0 |
| 035 |
|
|
|a (RuTPU)RU\TPU\book\334974
|
| 090 |
|
|
|a 309635
|
| 100 |
|
|
|a 20151116d1973 k y0rusy50 ca
|
| 101 |
0 |
|
|a rus
|
| 102 |
|
|
|a RU
|
| 105 |
|
|
|a a z 101zy
|
| 200 |
1 |
|
|a Структура и свойства жаропрочных металлических материалов
|e доклады на 26 сессии по проблеме жаропрочности, апрель 1972
|f Академия наук СССР (АН СССР), Институт металлургии им. А. А. Байкова (ИМЕТ)
|
| 210 |
|
|
|a Москва
|c Наука
|d 1973
|
| 215 |
|
|
|a 254 с.
|c ил.
|
| 320 |
|
|
|a Библиография в конце докладов.
|
| 606 |
1 |
|
|a Жаропрочные материалы
|2 stltpush
|3 (RuTPU)RU\TPU\subj\10322
|9 37409
|
| 610 |
1 |
|
|a металлы
|
| 610 |
1 |
|
|a жаропрочность
|
| 610 |
1 |
|
|a физико-химическая теория
|
| 610 |
1 |
|
|a высокотемпературная деформация
|
| 610 |
1 |
|
|a дислокационные механизмы
|
| 610 |
1 |
|
|a тугоплавкие металлы
|
| 610 |
1 |
|
|a композиционные материалы
|
| 610 |
1 |
|
|a легирование
|
| 610 |
1 |
|
|a термическая обработка
|
| 610 |
1 |
|
|a сплавы
|
| 610 |
1 |
|
|a жаростойкость
|
| 610 |
1 |
|
|a повышение
|
| 610 |
1 |
|
|a сессии
|
| 675 |
|
|
|a 669.2.018
|v 4
|
| 712 |
0 |
2 |
|a Академия наук СССР (АН СССР)
|b Институт металлургии им. А. А. Байкова (ИМЕТ)
|c (Москва)
|2 stltpush
|3 (RuTPU)RU\TPU\col\312
|
| 712 |
1 |
2 |
|a Структура и свойства жаропрочных металлических материалов
|c сессия
|d 26
|e Москва
|f 1972
|
| 801 |
|
1 |
|a RU
|b 63413507
|c 20151116
|
| 801 |
|
2 |
|a RU
|b 63413507
|c 20151118
|g RCR
|
| 942 |
|
|
|c BK
|